[Event "FICS rated standard game"]
[Site "FICS freechess.org"]
[Date "2014.05.04"]
[Round "?"]
[White "kautabak"]
[Black "hasenfusz"]
[Result "0-1"]
[WhiteElo "2049"]
[BlackElo "2082"]
[PlyCount "54"]
[EventDate "2014.??.??"]
[SourceTitle "OM Portal C 201906"]
[Source "Opening Master"]
[SourceDate "2019.06.27"]
[SourceVersion "1"]
[SourceVersionDate "2019.06.27"]
[SourceQuality "1"]

1. e4 e5 2. Nf3 Nc6 3. c3 d5 4. Bb5 dxe4 5. Nxe5 Qg5 6. d4 Qxg2 7. Rf1 Bd6 8.
Nxc6 Bd7 9. Nxa7 c6 10. Bc4 Nf6 11. Be3 O-O 12. d5 cxd5 13. Be2 Ng4 14. Bxg4
Bxg4 15. Qc2 f5 16. Nb5 Bxh2 17. Nd2 f4 18. Bc5 e3 19. Ne4 Rfe8 20. Nbd6 exf2+
21. Qxf2 Bg3 22. Nxe8 Rxe8 23. Kd2 Bxf2 24. Nxf2 Re2+ 25. Kd3 Rxb2 26. Rae1 h5
27. Nxg4 Qd2# 0-1

[Event "Llinars del Valles op-B 8th"]
[Site "Llinars del Valles"]
[Date "2014.05.03"]
[Round "2"]
[White "Caro Martinez, Ramon"]
[Black "Puig Vila, Esteve"]
[Result "0-1"]
[WhiteElo "1993"]
[BlackElo "1757"]
[PlyCount "106"]
[EventDate "2014.04.26"]
[EventType "swiss"]
[EventRounds "8"]
[EventCountry "ESP"]
[SourceTitle "EXT 2015"]
[Source "ChessBase"]
[SourceDate "2014.11.20"]
[SourceVersion "1"]
[SourceVersionDate "2014.11.20"]
[SourceQuality "1"]

1. e4 e5 2. Nf3 Nc6 3. c3 Nf6 4. Qc2 d5 5. exd5 Qxd5 6. d3 Be7 7. Be2 Bf5 8.
Bg5 Rd8 9. Bxf6 Bxf6 10. c4 Qd7 11. O-O Bxd3 12. Qd2 Bxe2 13. Qxe2 O-O 14. Nc3
Nd4 15. Nxd4 exd4 16. Nd5 Qd6 17. Qe4 c6 18. Nxf6+ Qxf6 19. Rad1 Rfe8 20. Qd3
c5 21. Qa3 Qb6 22. Rd3 a6 23. Rh3 Rd6 24. Qd3 Rh6 25. Rf3 Qe6 26. b3 Qe2 27.
Qf5 Rf6 28. Qd7 Rxf3 29. gxf3 Qe7 30. Qf5 Qd6 31. Kh1 g6 32. Qd3 Qe5 33. Kg2
Qd6 34. Rd1 Qe5 35. a3 Qe2 36. b4 b6 37. bxc5 bxc5 38. Qxe2 Rxe2 39. Rd3 Rc2
40. Kf1 f5 41. Rb3 Rxc4 42. Ke2 Kg7 43. Rb7+ Kh6 44. Rc7 Rc3 45. a4 c4 46. Rc5
Rc2+ 47. Ke1 d3 48. Rd5 Ra2 49. Rd4 Rxa4 50. Kd2 Ra2+ 51. Ke3 Re2+ 52. Kf4 d2
53. Kg3 c3 0-1

[Event "NED-ch U17"]
[Site "Rotterdam"]
[Date "2014.05.02"]
[Round "7"]
[White "Beerdsen, Thomas"]
[Black "Van der Togt, Twan"]
[Result "1-0"]
[WhiteElo "2196"]
[BlackElo "1967"]
[PlyCount "90"]
[EventDate "2014.04.26"]
[EventType "swiss"]
[EventRounds "9"]
[EventCountry "NED"]
[SourceTitle "EXT 2016"]
[Source "ChessBase"]
[SourceDate "2015.10.10"]
[SourceVersion "1"]
[SourceVersionDate "2015.10.10"]
[SourceQuality "1"]

1. e4 e5 2. Nf3 Nc6 3. c3 d5 4. Qa4 Bd7 5. exd5 Nd4 6. Qd1 Nxf3+ 7. Qxf3 Nf6 8.
c4 Bc5 9. Nc3 O-O 10. Bd3 Bg4 11. Qg3 Qd7 12. h3 e4 13. Be2 Bf5 14. O-O Qe7 15.
d3 exd3 16. Bxd3 Bd6 17. f4 Nh5 18. Qf3 Bxd3 19. Qxd3 Qh4 20. Qf3 Ng3 21. Re1
Rae8 22. Bd2 Nh5 23. Rxe8 Rxe8 24. g4 Nf6 25. Kg2 Bb4 26. a3 Bxc3 27. Bxc3 Nd7
28. Rd1 Nc5 29. b4 Na4 30. Bd4 Qe7 31. c5 h6 32. Bf2 Rd8 33. f5 b6 34. c6 Qe5
35. Re1 Qc3 36. Re3 Qc4 37. Rd3 Kf8 38. f6 gxf6 39. Qxf6 Qxd3 40. Qh8+ Ke7 41.
Bh4+ Kd6 42. Qxd8+ Ke5 43. Qxc7+ Ke4 44. Qe7+ Kd4 45. c7 Kxd5 1-0

[Event "JAM-ch"]
[Site "Kingston"]
[Date "2014.05.02"]
[Round "5"]
[White "Asher, Miguel"]
[Black "Mellace, Andrew"]
[Result "1/2-1/2"]
[WhiteElo "1888"]
[BlackElo "2076"]
[PlyCount "97"]
[EventDate "2014.04.25"]
[EventType "tourn"]
[EventRounds "11"]
[EventCountry "JAM"]
[SourceTitle "CBM 160 Extra"]
[Source "ChessBase"]
[SourceDate "2014.07.01"]
[SourceVersion "1"]
[SourceVersionDate "2014.07.01"]
[SourceQuality "1"]

1. e4 e5 2. Nf3 Nc6 3. c3 d5 4. Qa4 Bd7 5. exd5 Nd4 6. Qd1 Nxf3+ 7. Qxf3 Nf6 8.
Bc4 e4 9. Qe2 Bd6 10. d3 O-O 11. d4 Ng4 12. Na3 f5 13. Nb5 f4 14. Nxd6 cxd6 15.
g3 fxg3 16. fxg3 Rf2 17. Qd1 e3 18. Be2 Qf6 19. Bxg4 e2 20. Bxe2 Re8 21. Bf4
Rexe2+ 22. Qxe2 Rxe2+ 23. Kxe2 Bg4+ 24. Kd2 g5 25. Be3 Qf3 26. Rae1 Qg2+ 27.
Kc1 Bf5 28. Bd2 Qxd5 29. Rhf1 Bg6 30. b3 a5 31. Rf2 b5 32. Kb2 a4 33. bxa4 bxa4
34. Ref1 Kg7 35. h4 h6 36. hxg5 hxg5 37. Rf8 a3+ 38. Kxa3 Qb5 39. R8f2 Bc2 40.
Rf7+ Kg6 41. g4 Qa4+ 42. Kb2 Kh6 43. Be3 Be4 44. R1f6+ Bg6 45. Bf2 Qc2+ 46. Ka3
Qxc3+ 47. Ka4 Qc4+ 48. Ka5 Qxa2+ 49. Kb6 1/2-1/2

[Event "Vall del Tenes op 3rd"]
[Site "Santa Eulalia de Roncana"]
[Date "2014.05.02"]
[Round "2"]
[White "Herms Agullo, Jordi"]
[Black "Rodriguez Saez, Gerard"]
[Result "1/2-1/2"]
[WhiteElo "2236"]
[BlackElo "1961"]
[PlyCount "51"]
[EventDate "2014.04.25"]
[EventType "swiss"]
[EventRounds "8"]
[EventCountry "ESP"]
[SourceTitle "CBM 160 Extra"]
[Source "ChessBase"]
[SourceDate "2014.07.01"]
[SourceVersion "1"]
[SourceVersionDate "2014.07.01"]
[SourceQuality "1"]

1. e4 e5 2. Nf3 Nc6 3. c3 d5 4. Bb5 a6 5. Bxc6+ bxc6 6. Qa4 Bd7 7. Nxe5 Qg5 8.
Nxd7 Qxg2 9. Nf6+ Kd8 10. Rf1 Nxf6 11. d3 dxe4 12. Qxc6 Rc8 13. Be3 Ng4 14. Nd2
Nxh2 15. O-O-O Nxf1 16. Nxf1 Bd6 17. dxe4 Ke7 18. Bc5 Qg5+ 19. Be3 Qb5 20. Qxb5
axb5 21. f4 f6 22. Ng3 g6 23. Ne2 Kf7 24. Nd4 Rb8 25. Nc6 Rbe8 26. e5 1/2-1/2

[Event "Ostrava Konik op"]
[Site "Ostrava"]
[Date "2014.04.30"]
[Round "5"]
[White "Reznicek, Marcel"]
[Black "Kondula, Lukas"]
[Result "1-0"]
[WhiteElo "2074"]
[BlackElo "1997"]
[PlyCount "89"]
[EventDate "2014.04.26"]
[EventType "swiss"]
[EventRounds "9"]
[EventCountry "CZE"]
[SourceTitle "CBM 160 Extra"]
[Source "ChessBase"]
[SourceDate "2014.07.01"]
[SourceVersion "1"]
[SourceVersionDate "2014.07.01"]
[SourceQuality "1"]

1. e4 e5 2. Nf3 Nc6 3. c3 Nf6 4. d4 Nxe4 5. d5 Bc5 6. dxc6 Nxf2 7. Qd5 d6 8.
cxb7 Bxb7 9. Qxb7 O-O 10. Rg1 Qd7 11. Qb5 Qf5 12. Qe2 e4 13. Nd4 Bxd4 14. cxd4
Nd3+ 15. Kd1 Nf2+ 16. Kd2 c5 17. d5 Qxd5+ 18. Kc2 Qf5 19. Be3 Nd3 20. Nc3 Rab8
21. Rb1 d5 22. g4 Qe6 23. Bd2 Rfe8 24. b3 Nb4+ 25. Kb2 Qg6 26. a3 Nd3+ 27. Ka2
c4 28. bxc4 Rxb1 29. Kxb1 Qb6+ 30. Nb5 dxc4 31. a4 a6 32. Qe3 Qc6 33. Nc3 Qb7+
34. Nb5 axb5 35. a5 Qd5 36. Bxd3 cxd3 37. Kc1 Qb3 38. Qc5 Qa4 39. Kb1 b4 40.
Re1 b3 41. Qc3 h6 42. Qb2 Rc8 43. Bc3 f6 44. Kc1 Qxa5 45. Qxb3+ 1-0

[Event "Hessen-ch op Seniors 10th"]
[Site "Bad Sooden"]
[Date "2014.04.28"]
[Round "3"]
[White "Kripp, Wolfgang"]
[Black "Ljubarskij, Jurij"]
[Result "0-1"]
[WhiteElo "2076"]
[BlackElo "2275"]
[PlyCount "126"]
[EventDate "2014.04.26"]
[EventType "swiss"]
[EventRounds "9"]
[EventCountry "GER"]
[SourceTitle "OM OTB B 201907"]
[Source "Opening Master"]
[SourceDate "2019.07.06"]
[SourceVersion "2"]
[SourceVersionDate "2019.07.06"]
[SourceQuality "1"]

1. e4 e5 2. Nf3 Nc6 3. c3 d6 4. d4 Bg4 5. Qb3 Qc8 6. Bc4 Bh5 7. Bb5 Bxf3 8.
gxf3 exd4 9. cxd4 a6 10. Bxc6+ bxc6 11. Qa4 Ne7 12. Nc3 Qb7 13. Rg1 g6 14. d5
Bg7 15. dxc6 Qxc6 16. Qxc6+ Nxc6 17. Be3 Rb8 18. O-O-O O-O 19. f4 Rfe8 20. Rd3
Rb7 21. f3 f5 22. Rg2 Bxc3 23. Rxc3 fxe4 24. fxe4 Nb4 25. Ra3 Rxe4 26. f5 Kg7
27. fxg6 hxg6 28. Bd2 Rb6 29. Rag3 Re6 30. Bc3+ Kf7 31. Rf2+ Ke7 32. b3 Nd5 33.
Bd2 Rb8 34. Bg5+ Kd7 35. Rd3 Rb5 36. h4 Kc6 37. a3 Re1+ 38. Kb2 Ne7 39. b4 Rf5
40. Rc2+ Kb7 41. Kb3 Nc6 42. Ka4 Re4 43. Rc1 Ne5 44. Rdc3 Rf7 45. Ka5 d5 46. b5
axb5 47. Kxb5 Rc4 48. Rxc4 Nxc4 49. a4 Ne5 50. Rb1 Nd7 51. a5 c6+ 52. Ka4+ Ka6
53. Re1 Nc5+ 54. Ka3 Rf3+ 55. Ka2 Kxa5 56. Be7 Ne4 57. Rc1 Nc3+ 58. Kb2 Na4+
59. Ka2 Kb5 60. Rg1 Re3 61. Bf6 Re6 62. Rxg6 Nc3+ 63. Kb3 Ne4 0-1

[Event "Ostrava Konik op"]
[Site "Ostrava"]
[Date "2014.04.28"]
[Round "3"]
[White "Reznicek, Marcel"]
[Black "Chrostek, Lukas"]
[Result "1-0"]
[WhiteElo "2074"]
[BlackElo "1769"]
[PlyCount "55"]
[EventDate "2014.04.26"]
[EventType "swiss"]
[EventRounds "9"]
[EventCountry "CZE"]
[SourceTitle "CBM 160 Extra"]
[Source "ChessBase"]
[SourceDate "2014.07.01"]
[SourceVersion "1"]
[SourceVersionDate "2014.07.01"]
[SourceQuality "1"]

1. e4 e5 2. Nf3 Nc6 3. c3 Nf6 4. d4 Bd6 5. d5 Ne7 6. Qc2 Ng6 7. c4 b6 8. Nc3
O-O 9. a3 a5 10. h4 c6 11. h5 Ne7 12. h6 g6 13. Bg5 Ne8 14. g4 f6 15. Be3 g5
16. O-O-O c5 17. Ne2 Nc7 18. Ng3 Ba6 19. a4 Bc8 20. Nf5 Nxf5 21. gxf5 Na6 22.
Qd2 Kf7 23. Be2 Rg8 24. Rdg1 Qf8 25. Nxg5+ Ke8 26. Nxh7 Rxg1+ 27. Rxg1 Qh8 28.
Rg8+ 1-0

[Event "HUN-chT2 Erkel 1314"]
[Site "Hungary"]
[Date "2014.04.27"]
[Round "11.8"]
[White "Torok, Tamas Titusz"]
[Black "Huszar, Mark"]
[Result "1/2-1/2"]
[WhiteElo "2085"]
[BlackElo "1857"]
[PlyCount "85"]
[EventDate "2013.09.08"]
[EventType "team-tourn"]
[EventRounds "11"]
[EventCountry "HUN"]
[SourceTitle "EXT 2016"]
[Source "ChessBase"]
[SourceDate "2015.10.10"]
[SourceVersion "1"]
[SourceVersionDate "2015.10.10"]
[SourceQuality "1"]
[WhiteTeam "Pestszentlorinc"]
[BlackTeam "Paszto"]
[WhiteTeamCountry "HUN"]
[BlackTeamCountry "HUN"]

1. e4 e5 2. Nf3 Nc6 3. c3 d5 4. Qa4 f6 5. d3 dxe4 6. dxe4 Bc5 7. Bc4 Nge7 8. b4
Bb6 9. Qb3 Rf8 10. h3 Ng6 11. O-O Bd7 12. a4 a6 13. a5 Ba7 14. Be3 Qc8 15. Kh2
Bxe3 16. fxe3 Ke7 17. Bd5 Be6 18. c4 Nd8 19. Nbd2 c6 20. Bxe6 Nxe6 21. c5 Nc7
22. Nc4 Qe6 23. Nh4 Nxh4 24. Qc2 Nb5 25. g3 Ng6 26. Rf5 Rad8 27. Raf1 Qd7 28.
Qb2 Qd3 29. Rc1 Qxe4 30. Qf2 Ke6 31. Rh5 Ne7 32. Nb6 Nd5 33. Rc4 Qxe3 34. Qf5+
Ke7 35. Rxh7 Nxb6 36. Rxg7+ Rf7 37. Rxf7+ Kxf7 38. Qh5+ Ke6 39. Qg4+ Kf7 40.
Qh5+ Kg7 41. Rg4+ Kf8 42. Qh8+ Ke7 43. Rg7+ 1/2-1/2

[Event "Coimbra op"]
[Site "Coimbra"]
[Date "2014.04.25"]
[Round "2"]
[White "Abreu, Goncalo"]
[Black "Santos, Ines Lima"]
[Result "0-1"]
[WhiteElo "1482"]
[BlackElo "1788"]
[PlyCount "33"]
[EventDate "2014.04.25"]
[EventType "swiss"]
[EventRounds "7"]
[EventCountry "POR"]
[SourceTitle "CBM 160 Extra"]
[Source "ChessBase"]
[SourceDate "2014.07.01"]
[SourceVersion "1"]
[SourceVersionDate "2014.07.01"]
[SourceQuality "1"]

1. e4 e5 2. Nf3 Nc6 3. c3 Nf6 4. Bc4 Bc5 5. d4 exd4 6. b4 Bb6 7. O-O O-O 8. e5
Ne4 9. cxd4 d5 10. b5 Nxd4 11. Nxd4 dxc4 12. Bb2 c3 13. Ba3 Bxd4 14. Bxf8 Bxf2+
15. Kh1 Qh4 16. h3 Bxh3 17. Kh2 0-1

[Event "SRB-ch U16"]
[Site "Subotica"]
[Date "2014.04.22"]
[Round "8"]
[White "Radovic, Janko"]
[Black "Arsic, Djordje"]
[Result "1/2-1/2"]
[WhiteElo "2115"]
[BlackElo "2079"]
[PlyCount "90"]
[EventDate "2014.04.17"]
[EventType "swiss"]
[EventRounds "9"]
[EventCountry "SRB"]
[SourceTitle "CBM 160 Extra"]
[Source "ChessBase"]
[SourceDate "2014.07.01"]
[SourceVersion "1"]
[SourceVersionDate "2014.07.01"]
[SourceQuality "1"]

1. e4 e5 2. Nf3 Nc6 3. c3 d5 4. Qa4 Bd7 5. exd5 Nd4 6. Qd1 Nxf3+ 7. Qxf3 Nf6 8.
Bc4 Bd6 9. d3 Bg4 10. Qe3 O-O 11. O-O Nd7 12. h3 Bh5 13. Qg5 Qxg5 14. Bxg5 h6
15. Be3 f5 16. f4 a6 17. a4 Rae8 18. Nd2 Kh7 19. fxe5 Nxe5 20. Rae1 Ng6 21. d4
Ne7 22. Bf4 Bxf4 23. Rxf4 Bf7 24. Rff1 g6 25. Re5 Nc8 26. Rfe1 Rd8 27. a5 Kg7
28. h4 Nd6 29. Re7 Rfe8 30. Bd3 Ne4 31. Rxe8 Rxe8 32. Nxe4 Bxd5 33. Kf2 fxe4
34. c4 e3+ 35. Rxe3 Rxe3 36. Kxe3 Bxg2 37. b4 Kf6 38. b5 g5 39. hxg5+ hxg5 40.
d5 axb5 41. cxb5 Bxd5 42. a6 bxa6 43. bxa6 Ba8 44. Be4 c6 45. Kd4 g4 1/2-1/2

[Event "Hofheim Spring op-B 2nd"]
[Site "Hofheim"]
[Date "2014.04.22"]
[Round "1"]
[White "Makilla, Tobias"]
[Black "Mut, Friedrich"]
[Result "1-0"]
[WhiteElo "1928"]
[BlackElo "1727"]
[PlyCount "53"]
[EventDate "2014.04.22"]
[EventType "swiss"]
[EventRounds "9"]
[EventCountry "GER"]
[SourceTitle "CBM 160 Extra"]
[Source "ChessBase"]
[SourceDate "2014.07.01"]
[SourceVersion "1"]
[SourceVersionDate "2014.07.01"]
[SourceQuality "1"]

1. e4 e5 2. Nf3 Nc6 3. c3 Nf6 4. d4 exd4 5. e5 Ng8 6. cxd4 Bb4+ 7. Nbd2 Qe7 8.
Bb5 f6 9. O-O fxe5 10. dxe5 Bxd2 11. Bxd2 Qe6 12. Qa4 Nge7 13. Rfe1 h6 14. Bc4
Nd5 15. Qb3 Nce7 16. Nd4 Qg4 17. Nb5 a6 18. Nd6+ Kf8 19. Nxc8 Rxc8 20. Bxd5 c6
21. Bf3 Qe6 22. Qxe6 dxe6 23. Bb4 Rd8 24. Rad1 Kf7 25. Bh5+ Ng6 26. Bd6 Rd7 27.
Re3 1-0

[Event "Sunningdale e2e4 op 04"]
[Site "Ascot"]
[Date "2014.04.19"]
[Round "5"]
[White "Gibson, Christopher A"]
[Black "Kingston, Ian"]
[Result "0-1"]
[WhiteElo "2020"]
[BlackElo "1963"]
[PlyCount "40"]
[EventDate "2014.04.17"]
[EventType "swiss"]
[EventRounds "9"]
[EventCountry "ENG"]
[SourceTitle "CBM 159 Extra"]
[Source "ChessBase"]
[SourceDate "2014.04.24"]
[SourceVersion "1"]
[SourceVersionDate "2014.04.24"]
[SourceQuality "1"]

1. e4 e5 2. Nf3 Nc6 3. c3 d5 4. Qa4 Nf6 5. Nxe5 Bd7 6. Nxd7 Qxd7 7. exd5 Qxd5
8. Qc4 Qg5 9. Na3 Bxa3 10. bxa3 O-O 11. d4 Rfe8+ 12. Kd1 Qg6 13. Qd3 Qg4+ 14.
Qf3 Nxd4 15. Qxg4 Nxg4 16. Rg1 Nxf2+ 17. Kd2 Ne4+ 18. Kd1 Nxc3+ 19. Kd2 Ne4+
20. Kd1 Rad8 0-1

[Event "Asian Continental op 13th"]
[Site "Sharjah"]
[Date "2014.04.19"]
[Round "3"]
[White "Gao, Rui"]
[Black "Nezad, Husein Aziz"]
[Result "1-0"]
[WhiteElo "2484"]
[BlackElo "2366"]
[PlyCount "77"]
[EventDate "2014.04.17"]
[EventType "swiss"]
[EventRounds "9"]
[EventCountry "UAE"]
[SourceTitle "CBM 160"]
[Source "ChessBase"]
[SourceDate "2014.05.15"]
[SourceVersion "1"]
[SourceVersionDate "2014.05.15"]
[SourceQuality "1"]

1. e4 e5 2. Nf3 Nc6 3. c3 d5 4. Qa4 Bd7 5. exd5 Nd4 6. Qd1 Nxf3+ 7. Qxf3 Nf6 8.
Bc4 e4 9. Qe2 Bd6 10. d4 h6 11. h3 O-O 12. Bb3 c6 13. dxc6 Bxc6 14. Be3 Rc8 15.
c4 a5 16. a3 a4 17. Ba2 b5 18. cxb5 Ba8 19. Nc3 Kh8 20. Qd2 Bb8 21. d5 Be5 22.
Rd1 Nd7 23. O-O f5 24. f4 exf3 25. Rxf3 Nc5 26. Qf2 Qd6 27. Bb1 Bxc3 28. bxc3
Ne4 29. Bxe4 fxe4 30. Rxf8+ Rxf8 31. Qh4 Kg8 32. Qxe4 Qxa3 33. Qc4 Qb2 34. Bd4
Qb3 35. Qxb3 axb3 36. c4 Rc8 37. d6 Be4 38. c5 Rd8 39. Bb2 1-0

[Event "BI-2014-P-0009"]
[Site "Lechenicher SchachServer"]
[Date "2014.04.19"]
[Round "?"]
[White "Tobey, Al"]
[Black "Thurrott, Allan"]
[Result "0-1"]
[WhiteElo "664"]
[BlackElo "2102"]
[PlyCount "46"]
[EventDate "2014.04.25"]

1. e4 e5 2. Nf3 Nc6 3. c3 d5 4. d3 Nf6 5. Be2 dxe4 6. Ng5 exd3 7. Bxd3 h6 8.
Ne4 Nxe4 9. Bxe4 Qxd1+ 10. Kxd1 Bd7 11. Nd2 O-O-O 12. Ke1 f5 13. Bd5 Be7 14.
Nc4 Rhf8 15. Bd2 Rf6 16. b4 Be8 17. Bf3 b5 18. Bxc6 Bxc6 19. Na5 Bxg2 20. Rg1
Bf3 21. Rxg7 Rfd6 22. a4 Rxd2 23. Rxe7 Rd1+ 0-1

[Event "BI-2014-P-0009"]
[Site "Lechenicher SchachServer"]
[Date "2014.04.19"]
[Round "?"]
[White "Tobey, Al"]
[Black "Huber, Erich"]
[Result "1-0"]
[WhiteElo "664"]
[BlackElo "1132"]
[PlyCount "46"]
[EventDate "2014.04.25"]

1. e4 e5 2. Nf3 Nc6 3. c3 d5 4. exd5 Qxd5 5. Be2 e4 6. Nd4 Nxd4 7. cxd4 Qxd4 8.
Nc3 Bf5 9. O-O O-O-O 10. Nb5 Qb6 11. Nc3 Nf6 12. Na4 Qd6 13. Nc3 Kb8 14. Nb5
Qe5 15. Qa4 a6 16. Nc3 Rd4 17. Qb3 Be6 18. Qd1 h5 19. Re1 Bd6 20. Bf3 Qxh2+ 21.
Kf1 Rxd2 22. Bxd2 Bc4+ 23. Be2 Qh1# 1-0

[Event "Saarland-ch B 89th"]
[Site "Stennweiler"]
[Date "2014.04.18"]
[Round "8"]
[White "Braun, Wilhelm"]
[Black "Haase, Dominik"]
[Result "1-0"]
[WhiteElo "1351"]
[BlackElo "1273"]
[PlyCount "121"]
[EventDate "2014.04.11"]
[EventType "swiss"]
[EventRounds "9"]
[EventCountry "GER"]
[SourceTitle "EXT 2016"]
[Source "ChessBase"]
[SourceDate "2015.10.10"]
[SourceVersion "1"]
[SourceVersionDate "2015.10.10"]
[SourceQuality "1"]

1. e4 e5 2. Nf3 Nc6 3. c3 Nf6 4. d3 d6 5. Be2 Be7 6. O-O Be6 7. Ng5 Qd7 8. Nd2
h6 9. Nxe6 Qxe6 10. a3 h5 11. f4 exf4 12. Rxf4 g5 13. Rf5 g4 14. Nf1 O-O-O 15.
Bg5 d5 16. Qb3 Bc5+ 17. Kh1 Nxe4 18. dxe4 Qxe4 19. Ng3 Qe6 20. Bxd8 Rxd8 21.
Raf1 h4 22. Bxg4 Kb8 23. Nh5 Ne7 24. R5f4 Qg6 25. h3 Rf8 26. Nf6 Rd8 27. Nd7+
Ka8 28. Nxc5 Rb8 29. Rxf7 Qd6 30. Nd7 Rd8 31. Rf8 Nc6 32. Rxd8+ Nxd8 33. Qd1 a6
34. Qe1 Ka7 35. Rf8 Nc6 36. b4 Qh6 37. a4 Qg6 38. b5 Na5 39. bxa6 Qxa6 40. Rf5
Qd6 41. Rf6 Qa3 42. Rf4 Qd6 43. Qf1 Qc6 44. Qg1+ b6 45. Qe1 Qd6 46. Qf1 Qc6 47.
Rf3 Qxa4 48. Rf7 Qc6 49. Bf3 Qe6 50. Rh7 Qf5 51. Re7 Qg5 52. Re5 Qd2 53. Rxd5
Qxc3 54. Rd1 Qg7 55. Qe1 Qh6 56. Qe4 Ka6 57. Qa8+ Kb5 58. Rb1+ Ka4 59. Qe4+ Ka3
60. Qb4+ Ka2 61. Qb2# 1-0

[Event "Pobeskydy op"]
[Site "Frydek Mistek"]
[Date "2014.04.18"]
[Round "4"]
[White "Polok, Kacper"]
[Black "Rabatin, Jakub"]
[Result "1-0"]
[WhiteElo "2168"]
[BlackElo "2233"]
[PlyCount "61"]
[EventDate "2014.04.17"]
[EventType "swiss"]
[EventRounds "9"]
[EventCountry "CZE"]
[SourceTitle "CBM 159 Extra"]
[Source "ChessBase"]
[SourceDate "2014.04.24"]
[SourceVersion "1"]
[SourceVersionDate "2014.04.24"]
[SourceQuality "1"]

1. e4 e5 2. Nf3 Nc6 3. c3 d5 4. Qa4 Qd6 5. d4 Bd7 6. Bb5 Nf6 7. O-O Nxe4 8.
Nxe5 Nxe5 9. dxe5 Qe6 10. Bxd7+ Qxd7 11. Qxd7+ Kxd7 12. b4 Be7 13. f3 Ng5 14.
Bxg5 Bxg5 15. f4 Be7 16. Nd2 a5 17. b5 c6 18. Rab1 Bc5+ 19. Kh1 Be3 20. Nf3
Bxf4 21. bxc6+ bxc6 22. Rb7+ Ke8 23. Re1 Rf8 24. g3 Bh6 25. Nd4 Rc8 26. Nf5 Kd8
27. Nd6 Bd2 28. Rf1 f5 29. Nxc8 Kxc8 30. Rfb1 Rd8 31. e6 1-0

[Event "SVR-ch MTB 37th"]
[Site "Heimbach Weis"]
[Date "2014.04.17"]
[Round "7"]
[White "Schwab, Thomas"]
[Black "Thoennes, Frank"]
[Result "0-1"]
[WhiteElo "2058"]
[BlackElo "1945"]
[PlyCount "132"]
[EventDate "2014.04.11"]
[EventType "tourn"]
[EventRounds "9"]
[EventCountry "GER"]
[SourceTitle "CBM 160 Extra"]
[Source "ChessBase"]
[SourceDate "2014.07.01"]
[SourceVersion "1"]
[SourceVersionDate "2014.07.01"]
[SourceQuality "1"]

1. e4 e5 2. Nf3 Nc6 3. c3 d5 4. Qa4 f6 5. d3 Be6 6. Be3 Qd7 7. Be2 a6 8. Nbd2
Nge7 9. b4 b5 10. Qd1 d4 11. cxd4 exd4 12. Bf4 Ng6 13. Bg3 Bxb4 14. O-O Bc3 15.
Rc1 b4 16. Qa4 O-O 17. Nb3 Bxb3 18. axb3 Rfd8 19. h3 a5 20. Nh2 Nce5 21. Qxd7
Rxd7 22. f4 Nf7 23. Bg4 Re7 24. Bd1 c5 25. Rc2 Ra6 26. Ra2 Kf8 27. h4 Ke8 28.
h5 Nf8 29. Bh4 g5 30. Bg3 a4 31. bxa4 c4 32. dxc4 Rxe4 33. fxg5 Nxg5 34. Raf2
d3 35. c5 Bd4 36. c6 Rxc6 37. Nf3 Bxf2+ 38. Bxf2 Nfe6 39. a5 Ra6 40. Bb6 Ke7
41. Nd2 Re5 42. Nc4 Re4 43. Nd2 Rf4 44. Re1 Rf5 45. Re3 Rfxa5 46. Bxa5 Rxa5 47.
Rxd3 Ra1 48. Nb3 Rb1 49. Kh2 Nf4 50. Rd4 Nxh5 51. Nc5 Ng7 52. Rd7+ Kf8 53. Rd8+
Ne8 54. Ba4 Re1 55. Rb8 Kf7 56. Rxb4 Kg6 57. Nd3 Re7 58. Nf4+ Kg7 59. Nh5+ Kg6
60. Nf4+ Kf5 61. g4+ Ke5 62. Nd3+ Kd5 63. Bb3+ Kd6 64. Rd4+ Kc7 65. Nf4 Nf3+
66. Kg3 Nxd4 0-1

[Event "BEL-ch U18"]
[Site "Blankenberge"]
[Date "2014.04.17"]
[Round "7"]
[White "Vincent, Ayla"]
[Black "Marx, Thomas"]
[Result "1-0"]
[WhiteElo "1540"]
[BlackElo "1382"]
[PlyCount "29"]
[EventDate "2014.04.??"]
[EventType "swiss"]
[EventRounds "9"]
[EventCountry "BEL"]
[SourceTitle "EXT 2015"]
[Source "ChessBase"]
[SourceDate "2014.11.20"]
[SourceVersion "1"]
[SourceVersionDate "2014.11.20"]
[SourceQuality "1"]

1. e4 e5 2. Nf3 Nc6 3. c3 Nf6 4. d4 Nxe4 5. d5 Ne7 6. Nxe5 Ng6 7. Qd4 Nxe5 8.
Qxe4 Qf6 9. f4 Bd6 10. Bd3 Qe7 11. fxe5 Bxe5 12. O-O d6 13. Qf3 f6 14. Qh5+ Qf7
15. Bg6 1-0

[Event "AUT-ch U18 Girls"]
[Site "Woerth"]
[Date "2014.04.16"]
[Round "6"]
[White "Hiebler, Laura"]
[Black "Mundstein, Alina"]
[Result "1-0"]
[WhiteElo "1869"]
[BlackElo "1382"]
[PlyCount "73"]
[EventDate "2014.04.13"]
[EventType "swiss"]
[EventRounds "7"]
[EventCountry "AUT"]
[SourceTitle "EXT 2015"]
[Source "ChessBase"]
[SourceDate "2014.11.20"]
[SourceVersion "1"]
[SourceVersionDate "2014.11.20"]
[SourceQuality "1"]

1. e4 e5 2. Nf3 Nc6 3. c3 Nf6 4. d4 exd4 5. e5 Nd5 6. cxd4 d6 7. Bb5 Bd7 8. O-O
Be7 9. Qb3 a6 10. Bd3 Be6 11. Bc4 Na5 12. Qa4+ Nc6 13. Be2 O-O 14. Bd2 b5 15.
Qc2 Ncb4 16. Bxb4 Nxb4 17. Qd2 dxe5 18. Nxe5 Bf5 19. Nc3 c5 20. Qf4 Be6 21.
dxc5 Bxc5 22. Bf3 Rc8 23. a3 Nc2 24. Rad1 Nd4 25. Bb7 Qb6 26. Bxc8 Rxc8 27. Nf3
Nxf3+ 28. Qxf3 Bd4 29. Rc1 Qd6 30. Ne4 Qe5 31. Rxc8+ Bxc8 32. Rd1 Bb7 33. Qd3
Qxe4 34. Qxe4 Bxe4 35. Rxd4 f5 36. f3 Bb7 37. Rd8+ 1-0

[Event "AUT-ch U18 Girls"]
[Site "Woerth"]
[Date "2014.04.16"]
[Round "6"]
[White "Stallinger, Vanessa"]
[Black "Polterauer, Chiara"]
[Result "1-0"]
[WhiteElo "1574"]
[BlackElo "1875"]
[PlyCount "113"]
[EventDate "2014.04.13"]
[EventType "swiss"]
[EventRounds "7"]
[EventCountry "AUT"]
[SourceTitle "EXT 2015"]
[Source "ChessBase"]
[SourceDate "2014.11.20"]
[SourceVersion "1"]
[SourceVersionDate "2014.11.20"]
[SourceQuality "1"]

1. e4 e5 2. Nf3 Nc6 3. c3 d5 4. Qa4 Qd6 5. exd5 Qxd5 6. Bb5 Bd7 7. O-O Nge7 8.
c4 Qd6 9. Nc3 f5 10. b3 e4 11. Ba3 Qh6 12. Nd4 Nxd4 13. Bxd7+ Kf7 14. c5 Qf6
15. Qc4+ Kg6 16. Ne2 Nxe2+ 17. Qxe2 c6 18. g4 Rd8 19. gxf5+ Kf7 20. Be6+ Ke8
21. Qxe4 Rd4 22. Qe2 g6 23. Bb2 Qg5+ 24. Kh1 Rxd2 25. Bf7+ Kxf7 26. Qe6+ Ke8
27. Bxh8 gxf5 28. Qe3 Qh5 29. Rfe1 Rd5 30. Bf6 f4 31. Qe4 Rd7 32. Bxe7 Rxe7 33.
Qg2 f3 34. Rxe7+ Bxe7 35. Qg8+ Kd7 36. Rd1+ Kc7 37. Qe6 Bxc5 38. Qd7+ Kb6 39.
Qd8+ Ka6 40. Qd3+ Kb6 41. Qd2 a6 42. b4 Bxf2 43. Qxf2+ Kc7 44. Rf1 Qb5 45. a3
a5 46. Qxf3 axb4 47. axb4 Qxb4 48. Qf4+ Qxf4 49. Rxf4 b5 50. h4 Kb6 51. h5 c5
52. h6 b4 53. Rf6+ Ka5 54. Rf7 b3 55. Rxh7 c4 56. Rb7 Ka4 57. h7 1-0